=LDR 00000nam 2200000 4500 =001 NUTBA000000000003274 =005 20140812152342.0 =006 =007 =008 =020 ##$$a 978-979-1474-80-1 =035 ##$$a 0010-081400000000118 =040 ##$$a NBPDMAT =082 ##$$a 510.076 =090 ##$$a 510.076 $b Suy j =100 ##$$a Suyatno =245 ##$$a Jurus jitu taklukkan soal ujian matematika SMA / $c Suyatno, S.Si =260 ##$$a Jakarta : $b Media Pusindo, $c 2010 =300 ##$$a viii, 266 hlm. ; $c 23 cm. =650 ##$$a Matematika SMA-Studi dan pengajaran =990 ##$$a 21405432